000 00419nam a2200169Ia 4500
008 230718s9999 xx 000 0 und d
041 _aeng
082 _a621.382'5
_bROD
100 _aRoddy D.
245 _aSatellite Communications
250 _a2nd ed.
260 _c2001
_bTata McGraw-Hill
300 _a568
365 _cRs.
_b323.00
700 _aRoddy D.
906 _dB:22583/22.2.0509-Nov-2005
_cELECT
_b64.6
999 _c310071
_d310071